<?xml version="1.0" encoding="UTF-8"?>
<marc:record xmlns:marc="http://www.loc.gov/MARC21/slim">
   <marc:leader>00000nam a2200000 a 4500</marc:leader>
   <marc:datafield ind1="1" ind2=" " tag="100">
      <marc:subfield code="a">Poskitt, Kjartan</marc:subfield>
      <marc:subfield code="4">aut</marc:subfield>
      <marc:subfield code="e">Verfasser/-in</marc:subfield>
   </marc:datafield>
   <marc:datafield ind1="1" ind2=" " tag="100">
      <marc:subfield code="a">Tazzyman, David</marc:subfield>
      <marc:subfield code="4">ill</marc:subfield>
      <marc:subfield code="e">Illustrator/-in</marc:subfield>
   </marc:datafield>
   <marc:datafield ind1=" " ind2=" " tag="653">
      <marc:subfield code="a">Kassette / Kinder- und Jugendbücher/Kinderbücher bis 11 Jahre</marc:subfield>
   </marc:datafield>
   <marc:datafield ind1=" " ind2=" " tag="653">
      <marc:subfield code="a">CD</marc:subfield>
   </marc:datafield>
   <marc:datafield ind1=" " ind2=" " tag="653">
      <marc:subfield code="a">Kinderbücher bis 11 Jahre</marc:subfield>
   </marc:datafield>
   <marc:datafield ind1="0" ind2="0" tag="245">
      <marc:subfield code="a">Amanda Babbel und die platzende Paula</marc:subfield>
   </marc:datafield>
   <marc:datafield ind1="0" ind2="0" tag="245">
      <marc:subfield code="c">Kjartan Poskitt</marc:subfield>
   </marc:datafield>
   <marc:datafield ind1=" " ind2="1" tag="264">
      <marc:subfield code="a">Frankfurt am Main</marc:subfield>
      <marc:subfield code="b">FISCHER Sauerländer</marc:subfield>
      <marc:subfield code="c">2013</marc:subfield>
   </marc:datafield>
   <marc:datafield ind1=" " ind2=" " tag="250">
      <marc:subfield code="a">1., neue Ausg.</marc:subfield>
   </marc:datafield>
   <marc:datafield ind1="1" ind2=" " tag="520">
      <marc:subfield code="a">Angaben aus der Verlagsmeldung

Amanda Babbel und die platzende Paula / von Kjartan Poskitt

Amanda Babbel freut sich sehr auf den großen Schulausflug. Doch gibt es ein gewaltiges Problem: Ihre immer hungrige Freundin und Klassenkameradin Paula hat deutlich zu große Portionen Pizza mit Thunfischpaste verdrückt und fällt wegen Übelkeit aus. Nun droht die ganze Reise zu platzen. Kurzerhand bastelt die pfiffige Amanda aus einem Luftballon und Kleidungsstücken ein Double der rundlichen Freundin. Doch wie lange kann das Täuschungsmanöwer überzeugen?

Endlich stürmt eine neue Heldin auf den deutschen Hörbuchmarkt, die frisch, selbstbewusst und so gar nicht süßlich daher kommt! Annette Frier (u. a. bekannt durch TV-Serien wie "Schillerstraße" oder "Danni Lowinski") babbelt so herrlich süffisant, dass man Amanda und ihre Freundinnen sofort ins Herz schließen wird.
</marc:subfield>
   </marc:datafield>
   <marc:datafield ind1=" " ind2=" " tag="020">
      <marc:subfield code="a">9783737365789</marc:subfield>
      <marc:subfield code="9">9783737365789</marc:subfield>
   </marc:datafield>
   <marc:datafield ind1=" " ind2=" " tag="020">
      <marc:subfield code="a">3737365784</marc:subfield>
      <marc:subfield code="9">3737365784</marc:subfield>
   </marc:datafield>
   <marc:datafield ind1=" " ind2=" " tag="041">
      <marc:subfield code="a">ger</marc:subfield>
   </marc:datafield>
   <marc:datafield ind1=" " ind2=" " tag="300">
      <marc:subfield code="a">CDs</marc:subfield>
   </marc:datafield>
</marc:record>
